Top 10 ATP ranking 2001-2010 - Statistics

General Stats
  • This quiz has been taken 238 times
    225 since last reset
  • The average score is 72 of 100
Answer Stats
Year #0 Answer % Correct
2010 1 Rafael Nadal
99%
2007 2 Rafael Nadal
99%
2009 2 Rafael Nadal
99%
2006 2 Rafael Nadal
99%
2008 1 Rafael Nadal
99%
2005 2 Rafael Nadal
99%
2010 2 Roger Federer
99%
2007 1 Roger Federer
99%
2004 1 Roger Federer
99%
2009 1 Roger Federer
99%
2006 1 Roger Federer
99%
2003 2 Roger Federer
99%
2008 2 Roger Federer
99%
2005 1 Roger Federer
99%
2002 6 Roger Federer
99%
2010 3 Novak Djokovic
98%
2007 3 Novak Djokovic
98%
2009 3 Novak Djokovic
98%
2008 3 Novak Djokovic
98%
2010 4 Andy Murray
95%
2009 4 Andy Murray
95%
2008 4 Andy Murray
95%
2004 8 Andre Agassi
93%
2001 3 Andre Agassi
93%
2003 4 Andre Agassi
93%
2005 7 Andre Agassi
93%
2002 2 Andre Agassi
93%
2010 7 David Ferrer
93%
2007 5 David Ferrer
93%
2004 3 Lleyton Hewitt
91%
2001 1 Lleyton Hewitt
91%
2005 4 Lleyton Hewitt
91%
2002 1 Lleyton Hewitt
91%
2010 8 Andy Roddick
90%
2007 6 Andy Roddick
90%
2004 2 Andy Roddick
90%
2009 7 Andy Roddick
90%
2006 6 Andy Roddick
90%
2003 1 Andy Roddick
90%
2008 8 Andy Roddick
90%
2005 3 Andy Roddick
90%
2002 10 Andy Roddick
90%
2009 5 Juan Martin Del Potro
87%
2008 9 Juan Martin Del Potro
87%
2001 10 Pete Sampras
87%
2004 4 Marat Safin
82%
2002 3 Marat Safin
82%
2009 10 Jo-Wilfried Tsonga
80%
2008 6 Jo-Wilfried Tsonga
80%
2001 5 Juan Carlos Ferrero
77%
2003 3 Juan Carlos Ferrero
77%
2002 4 Juan Carlos Ferrero
77%
2004 5 Carlos Moya
70%
2003 7 Carlos Moya
70%
2002 5 Carlos Moya
70%
2007 9 David Nalbandian
70%
2004 9 David Nalbandian
70%
2006 8 David Nalbandian
70%
2003 8 David Nalbandian
70%
2005 6 David Nalbandian
70%
2001 2 Gustavo Kuerten
70%
2007 4 Nikolay Davydenko
70%
2009 6 Nikolay Davydenko
70%
2006 3 Nikolay Davydenko
70%
2008 5 Nikolay Davydenko
70%
2005 5 Nikolay Davydenko
70%
2010 6 Tomas Berdych
70%
2004 10 Gaston Gaudio
60%
2005 10 Gaston Gaudio
60%
2007 8 Richard Gasquet
59%
2004 7 Guillermo Coria
57%
2003 5 Guillermo Coria
57%
2005 8 Guillermo Coria
57%
2010 5 Robin Soderling
51%
2009 8 Robin Soderling
51%
2001 4 Yevgeni Kafelnikov
50%
2001 7 Patrick Rafter
46%
2010 9 Fernando Verdasco
44%
2009 9 Fernando Verdasco
44%
2008 7 Gilles Simon
43%
2006 4 James Blake
42%
2008 10 James Blake
42%
2004 6 Tim Henman
42%
2001 9 Tim Henman
42%
2002 8 Tim Henman
42%
2007 7 Fernando Gonzalez
40%
2006 10 Fernando Gonzalez
40%
2006 5 Ivan Ljubicic
40%
2005 9 Ivan Ljubicic
40%
2002 9 Albert Costa
38%
2001 8 Tommy Haas
37%
2003 9 Mark Philippoussis
36%
2001 6 Sebastien Grosjean
27%
2003 10 Sebastien Grosjean
27%
2007 10 Tommy Robredo
24%
2006 7 Tommy Robredo
24%
2006 9 Mario Ancic
17%
2010 10 Mikhail Youzhny
17%
2003 6 Rainer Schuttler
14%
2002 7 Jiri Novak
9%
No matching quizzes found
Score Distribution
Percent of People with Each Score
Percentile by Number Answered
Your Score History
You have not taken this quiz since the last reset